Statistics for Diaspora-Bosnia

Click here to take the quiz!

General Stats

  • This quiz has been taken 615 times
  • The average score is 7 of 11

Answer Stats

Number of immigrantsContinentCountry% Correct
300.000North AmericaUnited States of America
95%
109.000-2.000.000Asia/ EuropeTurkey
88%
128.047EuropeAustria
74%
25.740North AmericaCanada
73%
39.440OceaniaAustralia
69%
30.000EuropeFrance
68%
58.181EuropeSweden
60%
31.000EuropeItaly
59%
50.000EuropeNorway
45%
22.404EuropeDenmark
39%
35.000Europethe Netherlands
34%

Score Distribution

Percentile by Number Answered

Percent of People with Each Score

Your Score History

You have not taken this quiz